000 00379nam a22001697a 4500
003 UA-OsUOA
001 2626
007 ta
008 20050721b un ||||| |||| 00| 0 ukr d
100 _aMcClenaghan
700 _aWilliam A.
942 _cBK
040 _aUA-OsUOA
_cUA-OsUOA
_dUA-OsUOA
245 _aMagruder's American Government.
_bPolitics
955 _a2
650 7 _2UDC
999 _c288788
_d288788